Málaga CF Squad 2015-2016 - Statistics

General Stats
  • This quiz has been taken 10 times
    7 since last reset
  • The average score is 20 of 31
Answer Stats
# Position Nation Player % Correct
1 GK Cameroon Carlos Kameni
100%
20 FW Croatia Duje Čop
100%
13 GK Mexico Guillermo Ochoa
100%
10 FW Portugal Ricardo Horta
100%
18 DF Venezuela Roberto Rosales
100%
3 DF Brazil Weligton
100%
19 DF Ivory Coast Arthur Boka
80%
17 MF Portugal Duda
80%
21 DF Belarus Egor Filipenko
80%
12 MF Argentina Fernando Tissone
80%
6 MF Spain Ignacio Camacho
80%
- Coach Spain Javi Gracia
80%
7 DF Spain Juankar
80%
28 MF Venezuela Juanpi Añor
80%
23 DF Spain Miguel Torres
80%
11 FW Morocco Nordin Amrabat
80%
24 FW Paraguay Roque Santa Cruz
80%
9 FW Brazil Charles Dias
60%
5 FW Uruguay Chory Castro
60%
15 DF Argentina Marcos Angeleri
60%
31 MF Spain Pablo Fornals
60%
14 MF Spain Recio
60%
22 FW Morocco Adnane Tighadouini
40%
15 DF Uruguay Federico Ricca
40%
4 DF Portugal Flávio Ferreira
40%
8 FW Nigeria Ikechukwu Uche
40%
11 FW Ghana Christian Atsu
20%
4 DF Spain Cifu
20%
8 MF Portugal Fábio Espinho
20%
16 MF Morocco Hachim Mastour
20%
2 DF Spain Raúl Albentosa
20%
No matching quizzes found
Score Distribution
Percent of People with Each Score
Percentile by Number Answered
Your Score History
You have not taken this quiz since the last reset